| 000 -LEADER |
| fixed length control field |
00866nam a2200277 a 4500 |
| 001 - CONTROL NUMBER |
| control field |
2548496 |
| 005 - DATE AND TIME OF LATEST TRANSACTION |
| control field |
20180119071659.0 |
| 008 - FIXED-LENGTH DATA ELEMENTS--GENERAL INFORMATION |
| fixed length control field |
940414s1992 enkab b 000 0 eng d |
| 010 ## - LIBRARY OF CONGRESS CONTROL NUMBER |
| LC control number |
94145751 |
| 015 ## - NATIONAL BIBLIOGRAPHY NUMBER |
| National bibliography number |
GB93-37449 |
| 020 ## - INTERNATIONAL STANDARD BOOK NUMBER |
| International Standard Book Number |
0946897484 |
| 035 ## - SYSTEM CONTROL NUMBER |
| System control number |
(OCoLC)28327040 |
| 040 ## - CATALOGING SOURCE |
| Original cataloging agency |
NjP |
| Transcribing agency |
NjP |
| Modifying agency |
Uk |
| -- |
IU |
| -- |
PPiU |
| -- |
DLC |
| 041 0# - LANGUAGE CODE |
| Language code of text/sound track or separate title |
engspa |
| 042 ## - AUTHENTICATION CODE |
| Authentication code |
lccopycat |
| 043 ## - GEOGRAPHIC AREA CODE |
| Geographic area code |
n-mx--- |
| -- |
s------ |
| 080 ## - UNIVERSAL DECIMAL CLASSIFICATION NUMBER |
| Universal Decimal Classification number |
972..01 LEO |
| 082 00 - DEWEY DECIMAL CLASSIFICATION NUMBER |
| Classification number |
972..01 LEO |
| Edition number |
20 |
| 100 ## - Rafti |
| Rafti |
16 |
| 101 ## - Shkurtesa |
| Shkurtesa |
HIS |
| 245 00 - TITLE STATEMENT |
| Title |
Ancient America : |
| Statement of responsibility, etc |
edited by Nicholas J. Saunders. |
| 504 ## - BIBLIOGRAPHY, ETC. NOTE |
| Bibliography, etc |
Includes bibliographical references. |
| 906 ## - LOCAL DATA ELEMENT F, LDF (RLIN) |
| a |
7 |
| b |
cbc |
| c |
copycat |
| d |
2 |
| e |
ncip |
| f |
19 |
| g |
y-gencatlg |
| 942 ## - ADDED ENTRY ELEMENTS (KOHA) |
| Source of classification or shelving scheme |
|
| Item type |
Books |